MDQL
is popping MORE tags! Check the
thread
!
Quizzes
Events
Quiz Creation
Community
Videos
Private Events
Remove Ads
Sign In
Join for FREE
Feedback
Dark Mode
Quiz Categories
Sports
Geography
Music
Movies
Television
Just For Fun
Miscellaneous
History
Literature
Language
Science
Gaming
Entertainment
Religion
Holiday
For Kids
Quiz Lab
Recent
Popular Today
Quiz Kudos Today
Editor Picks
Curator Picks
Quizzes by...
Day
Popularity
Type
Ratings
Length
Year
Community
Subscriptions
Recent Discussions
Orange Saloon
Badges
Playlists
Quests
Create
Leaderboards
Showdown
Live 5
Trivia Bingo
Activity
Puzzle Library
Sporcle Events
Private Events
Virtual Trivia
Globe League
Become a Host
Pub Owners
SporcleCon
Opinionation
Our Games
Videos
Blog
Mobile Apps
Partnerships
Remove Ads and Go Orange
Feedback
Geography
Country
Landmarks
City
State
Population
World
Capital
Continent
Flags
Europe
Africa
Asia
South America
North America
Oceania
Border
Canada
United Kingdom
Topography
United States
Geography
Country
Landmarks
City
State
Population
World
Capital
Continent
Flags
Europe
Africa
Asia
South America
North America
Oceania
Border
Canada
United Kingdom
Topography
United States
Random Quiz
Search Sporcle
×
Quiz Lab
Quiz Lab
Geography
United States
Click on regions of an image
Click on regions of an image
Picture Click
Best Score? Go Orange.
State by Tourist Attraction (Picture Click) Stats
Can you pick correct state when given the state's most popular tourist attraction?
By
howiedoin843
8m
50 Questions
370 Plays
370 Plays
370 Plays
Comments
Comments
Give Quiz Kudos
Give Quiz Kudos
-
- Ratings
hide this ad
Forced Order
Answers have to be entered in order
Answers have to be entered in order
Replay
Link that replays current quiz
Next Quiz
Link to next quiz in quiz playlist
You Got
0%
They Got
Avg Score
66%
Avg Friend Score
Upgrade to see
Score Distribution
Jump to the score distribution portion of the page
Score
0/50
Timer
08:00
0
Plays Today
% Correct
Nevada
91.9%
Oklahoma
91.6%
Texas
91.6%
New York
90.8%
New Mexico
90.5%
Hawaii
90%
Florida
89.7%
Arizona
88.3%
Louisiana
88.1%
New Jersey
87.8%
California
87.3%
Indiana
86.4%
South Dakota
86.2%
Delaware
84.8%
Minnesota
82.7%
Michigan
82.7%
Colorado
82.1%
Wyoming
80.8%
Montana
74.8%
Vermont
71%
Arkansas
69.9%
Alaska
69.6%
Oregon
66.7%
Tennessee
66.1%
Washington
65.9%
% Correct
Ohio
65.9%
Massachusetts
65.6%
Georgia
64.8%
Virginia
62.9%
Utah
62.1%
Pennsylvania
61.5%
Illinois
60.7%
North Carolina
60.4%
North Dakota
59.3%
Missouri
59.3%
Maine
57.7%
Mississippi
56.9%
Alabama
52.6%
New Hampshire
51.8%
South Carolina
47.2%
Nebraska
46.1%
Kansas
43.4%
West Virginia
43.4%
Rhode Island
40.4%
Iowa
39.8%
Connecticut
39.8%
Maryland
36.9%
Idaho
36.6%
Wisconsin
32%
Kentucky
28.7%
Quiz Playlist
Details
Report
Send in Message
Add To Playlist
Picture Click:
Click on regions of an image
Forced Order:
Answers have to be entered in order
Quiz Source
Last Updated: Apr 8, 2017
Quiz Scoreboard
CHALLENGE
Sign Up to Join the Scoreboard
Show All
Scores
Hide
Comments
May contain spoilers
Recently Published
Find the 'City' Movie
by crazypaving
Movies
60s
5x2 Blitz: Bands
by SL_Kpop136
Music
30s
Colored Red Africa Blitz
by spor1
Geography
30s
More to Explore
Quiz From the Vault
Featured Blog Post
14 Easter Pick-up Lines to Find Eggs With
hide this ad
You Might Also Like...
Tags
United States Quiz
attraction
map
National Parks
Picture Click
State Park
Tourist Attractions
Today's Top Quizzes in Geography
Browse Geography
hide this ad
Today's Top Quizzes in United States
Browse United States
Top Contributed Quizzes in Geography
1
Countries of the World - No Outlines Minefield
2
Colored Red Europe Blitz I
3
Colored Red Africa Blitz II
4
Colored Red Europe Blitz II
5
Colored Red Africa Blitz III
6
Colored Red Europe Blitz III
7
Colored Red States Blitz I
8
African Flag Reveal XLVI
9
Colored Red States Blitz II
10
Colored Red States Blitz III
Explore More
Trending Topics
Kpop
Crossword
NBA
Marvel
Anime
Disney
Harry Potter
Puzzle
WWE
NFL
Country
The Office
Soccer
Pokémon
Song
hide this ad
More By:
howiedoin843
Quiz
Plays
Rating
Category
Featured
Created
Keep Calm and Watch TV
74,415
3.64
Television
Jul 24, 2014
Harry Potter Books About Hermione Granger
61,226
4.57
Literature
Oct 6, 2017
Harry Potter Books About Ron Weasley
55,236
4.58
Literature
Nov 1, 2017
TV Shows by Comic Book Costume
42,662
4.38
Television
Jul 8, 2014
Harry Potter Books About Severus Snape
41,663
4.59
Literature
Oct 16, 2017
Go to Creator's Profile
Score Distribution
Quiz Creator Spotlight
howiedoin843
Follow
Send a Message
Quizzes Created
-
Created Quiz Play Count
-
More By This Creator
Popular Quizzes Today
1
Colored Red Africa Blitz
2
Find the 'City' Movie
3
Find the US States - No Outlines Minefield
4
5x2 Blitz: Bands
5
The Countries of the World
6
Find the US States
7
Find the Countries of Europe - No Outlines Minefield
8
US States
More Geography Quizzes
Don't Click a Border of Iran
Quiz Lab
Trending Quizzes
Colored Red Europe Blitz I
Colored Red Europe Blitz II
Colored Red Africa Blitz II
Colored Red Europe Blitz III
Colored Red Africa Blitz III
Recently Updated
How Do You Spell That?
pecheneg
Godzilla Movies
pecheneg
Grab Bag: 4-10 Letters
pecheneg
2024 March Madness Bracket
pecheneg
Famous TV Couples
Peacemaker
Champions League XIs: Real Madrid
pecheneg
Largest US Cities 1790-2010
pecheneg
Rides in Walt Disney World
pecheneg
Most Oscar Losses (Acting)
pecheneg
Beyoncé Albums
pecheneg
Trending Topics
NBA
Crossword
Anime
Harry Potter
Disney
Marvel
Kpop
NFL
The Office
WWE
Pokémon
Soccer
Song
Puzzle
Country
Your Account Isn't Verified!
In order to create a playlist on Sporcle, you need to verify the email address you used during registration. Go to your
Sporcle Settings
to finish the process.
Report this User
Report this user for behavior that violates our
Community Guidelines
.
Details:
Send Report
Go to the Sporcle.com Mobile Site →
Comments